| 000 | 00379 a2200109 4500 | ||
|---|---|---|---|
| 020 | _a0471309249 (alk. paper) | ||
| 082 | _a526.928 MIK | ||
| 100 | _aMikhail, Edward M. | ||
| 245 |
_aIntroduction to modern photogrammetry / _cEdward M. Mikhail and James S. Bethel, J. Chris McGlone. |
||
| 260 |
_aNew York : _aChichester : _bWiley, _cc2001. |
||
| 300 |
_aix, 479 p. : _bill. ; _c26 cm. + |
||
| 650 | _aPhotogrammetry. | ||
| 999 |
_c912 _d912 |
||